Principios de finanzas corporativas
Salvato in:
| Autori principali: | , , |
|---|---|
| Natura: | Libro |
| Lingua: | spagnolo |
| Pubblicazione: |
Ciudad de México, México
McGraw-Hill Interamericana
2010
|
| Edizione: | 9a. ed |
| Soggetti: | |
| Accesso online: | Disponible Online |
| Tags: |
Aggiungi Tag
Nessun Tag, puoi essere il primo ad aggiungerne!!
|
MARC
| LEADER | 00000cam a2200000 a 4500 | ||
|---|---|---|---|
| 001 | UCG3256 | ||
| 003 | CL-VaPUC | ||
| 005 | 20241108154156.0 | ||
| 008 | 100819e20100000MX |||||||||||||||||spa|d | ||
| 999 | |c 342327 |d 342325 | ||
| 020 | |a 9789701072837 | ||
| 040 | |c Pontificia Universidad Católica de Valparaíso | ||
| 082 | 0 | 4 | |a 658.15 BRE 2010 |2 21 |
| 100 | 0 | |a Brealey, Richard A |e author |9 552228 | |
| 245 | 1 | 0 | |a Principios de finanzas corporativas |
| 250 | |a 9a. ed | ||
| 260 | |a Ciudad de México, México |b McGraw-Hill Interamericana |c 2010 | ||
| 300 | |a 976 páginas | ||
| 583 | |a last modification |c 20150826 10:57:37 |k Rodrigo Vera | ||
| 650 | 0 | |a Empresas |9 893446 |x Finanzas | |
| 650 | 0 | |a Valoración financiera |9 893365 | |
| 650 | 0 | |a Riesgo financiero |9 366193 | |
| 650 | 0 | |a Capital |9 893366 |x Presupuestos | |
| 700 | 0 | |a Myers, Stewart C |e author |9 552229 | |
| 700 | 0 | |a Allen, Franklin |e author |9 552230 | |
| 852 | |a BIBCUR | ||
| 856 | |u https://bibliografiadigital.pucv.cl/index.php/bibliotecapucv/catalog/book/114 |y Disponible Online | ||
| 942 | |c BK |2 ddc | ||
| 945 | |d 20100819 00:00:00 |a mfarfan | ||
| 952 | |0 0 |1 0 |2 ddc |4 0 |6 658_150000000000000_BRE_2010 |7 0 |8 A |9 438474 |a BIBING |b BIBING |c RES |d 2019-11-22 |i 4709330 |o 658.15 BRE 2010 |p 4709330 |r 2025-01-20 |w 2019-11-22 |y BK |k EII | ||
| 952 | |0 0 |1 0 |2 ddc |4 0 |6 658_150000000000000_BRE_2010 |7 0 |8 A |9 438475 |a BIBING |b BIBING |c RES |d 2019-11-22 |i 4709349 |o 658.15 BRE 2010 |p 4709349 |r 2025-01-20 |w 2019-11-22 |y BK |k EII | ||
| 952 | |0 0 |1 0 |2 ddc |4 0 |6 658_150000000000000_BRE_2010 |7 0 |8 A |9 438476 |a BIBING |b BIBING |c RES |d 2019-11-22 |i 4709357 |o 658.15 BRE 2010 |p 4709357 |r 2025-01-20 |w 2019-11-22 |y BK |k EII | ||
| 952 | |0 0 |1 0 |2 ddc |4 0 |6 658_150000000000000_BRE_2010 |7 0 |8 A |9 438477 |a BIBING |b BIBING |c RES |d 2019-11-22 |i 4709365 |o 658.15 BRE 2010 |p 4709365 |r 2025-01-20 |w 2019-11-22 |y BK |k EII | ||
| 952 | |0 0 |1 0 |2 ddc |4 0 |6 658_150000000000000_BRE_2010 |7 0 |8 A |9 438478 |a BIBING |b BIBING |c RES |d 2019-11-22 |i 4709373 |o 658.15 BRE 2010 |p 4709373 |r 2025-01-20 |w 2019-11-22 |y BK |k EII | ||
| 952 | |0 0 |1 0 |4 0 |6 658_150000000000000_BRE_2010 |7 0 |8 R |9 438479 |a BIBGIM |b BIBGIM |d 2019-11-22 |i 4975200 |l 6 |o 658.15 BRE 2010 |p 4975200 |r 2025-01-15 |s 2024-04-24 |w 2019-11-22 |y BK_R |k COM | ||
| 952 | |0 0 |1 0 |4 0 |6 658_150000000000000_BRE_2010 |7 0 |8 R |9 438480 |a BIBGIM |b BIBGIM |d 2019-11-22 |i 4975219 |l 6 |m 3 |o 658.15 BRE 2010 |p 4975219 |q 2025-07-31 |r 2024-03-05 |s 2024-03-05 |w 2019-11-22 |y BK_R |k COM | ||
| 952 | |0 0 |1 0 |4 0 |6 658_150000000000000_BRE_2010 |7 0 |8 R |9 438481 |a BIBGIM |b BIBGIM |d 2019-11-22 |i 4975227 |l 3 |o 658.15 BRE 2010 |p 4975227 |r 2025-01-15 |s 2024-07-09 |w 2019-11-22 |y BK_R |k COM | ||
| 952 | |0 0 |1 0 |4 0 |6 658_150000000000000_BRE_2010 |7 0 |8 R |9 438482 |a BIBGIM |b BIBGIM |d 2019-11-22 |i 4975235 |l 5 |o 658.15 BRE 2010 |p 4975235 |r 2025-01-15 |s 2024-11-11 |w 2019-11-22 |y BK_R |k COM | ||
| 952 | |0 0 |1 0 |4 0 |6 658_150000000000000_BRE_2010 |7 0 |8 R |9 438483 |a BIBGIM |b BIBGIM |d 2019-11-22 |i 4975243 |l 2 |o 658.15 BRE 2010 |p 4975243 |r 2025-01-15 |s 2024-11-11 |w 2019-11-22 |y BK_R |k COM | ||
| 952 | |0 0 |1 0 |3 erb |4 0 |6 658_150000000000000_BRE_2010 |7 0 |8 R |9 438484 |a BIBENE |b BIBENE |d 2019-11-22 |i 5004659 |l 1 |o 658.15 BRE 2010 |p 5004659 |r 2025-01-15 |s 2022-03-28 |w 2019-11-22 |y BK_R |z Catalogado en:20130829 |k ICO | ||
| 952 | |0 0 |1 0 |3 erb |4 0 |6 658_150000000000000_BRE_2010 |7 0 |8 R |9 438485 |a BIBENE |b BIBENE |d 2019-11-22 |i 5004667 |l 7 |o 658.15 BRE 2010 |p 5004667 |r 2025-04-10 |s 2025-04-10 |w 2019-11-22 |y BK_R |z Catalogado en:20130829 |k ICO | ||
| 952 | |0 0 |1 0 |3 erb |4 0 |6 658_150000000000000_BRE_2010 |7 0 |8 R |9 438486 |a BIBENE |b BIBENE |d 2019-11-22 |i 5004675 |l 6 |o 658.15 BRE 2010 |p 5004675 |r 2025-01-15 |s 2024-08-27 |w 2019-11-22 |y BK_R |z Catalogado en:20130829 |k ICO | ||